00911nam a22002297a 4500999001900000005001700019010001500036020002700051035001400078037001300092082001100105100001900116245014100135260004000276270010900316300002300425500004000448700001100488700001900499942002500518952013800543 c166358d16635820190722131610.0 aENG-126034 a9788178443331c1495.00 aEN-109566 bDBAD/PUB a515.15 aGautam, Pragti aCalculus :cby Pragti Gautam, Arvind [and] Saumya Agarwalbfor B.A./B.Sc (Hons)- Mathematics as per choice baed credit system(CBSE) / / aNew DelhibR.K. Pulblicationsc2018 a4806/24, Bharat Ram Road, Darya GanjbNew Delhie110002k011-23285167, 65185557minfo@kkpublications.com axi,583p.c25cm(Hb) aIncludes bibliographical references aArvind aSaumya Agarwal 2ddccENh515.15mGAU 001040708NFICaBNbBNd2019-07-22eDBAD/PUBg1495.00l3m1o515.15 GAUpEN-109566r2021-12-28 00:00:00s2021-12-09t1v1495.00yEN